|
|
|
|
| LEADER |
00000cam a2200000 7i4500 |
| 001 |
0000004051 |
| 005 |
20151030.0 |
| 020 |
0 |
0 |
|a 9789673443918
|
| 090 |
0 |
0 |
|a 634.909595
|b FSC 2014
|
| 245 |
0 |
0 |
|a Introductory Forest Science
|c Jegatheswaran Ratnasingam...[et.all]...
|
| 260 |
0 |
0 |
|a Selangor :
|b UPM ,
|c 2014
|
| 300 |
|
|
|a xv 171pages. :
|b ill.col. ;
|c 25 cm.
|
| 500 |
0 |
0 |
|a Includes index
|
| 650 |
0 |
0 |
|a Forest and forestry---Malaysia
|
| 700 |
0 |
1 |
|a Abdul Latib Senin
|
| 700 |
0 |
1 |
|a Chong Yen Yoon
|
| 700 |
0 |
1 |
|a Faridah Hanum Ibrahim
|
| 700 |
0 |
1 |
|a Geetha Ramasamy
|
| 700 |
0 |
1 |
|a Lai Food See
|
| 700 |
0 |
1 |
|a Manohar Mariapan
|
| 700 |
0 |
1 |
|a Mohamed Zakaria Husin
|
| 710 |
1 |
1 |
|a JPSM
|
| 999 |
|
|
|a 007869
|b Monograph
|c Open Shelf
|e Default branch
|